| 000 -CABECERA |
| Longitud fija campo de control |
00535nam a2200193 a 4500 |
| 001 - NÚMERO DE CONTROL |
| Número de control |
3078 |
| 003 - IDENTIFICADOR DEL NÚMERO DE CONTROL |
| Identificador del número de control |
CDMR |
| 005 - FECHA Y HORA DE LA ÚLTIMA TRANSACCIÓN |
| Fecha y hora de la última transacción |
20131218105331.0 |
| 008 - CÓDIGOS DE INFORMACIÓN DE LONGITUD FIJA |
| Códigos de información de longitud fija |
130130s1996||||||||||||||||||||||||||||d |
| 024 ## - OTROS IDENTIFICADORES NORMALIZADOS |
| Fuente del número o código |
DL |
| Número normalizado o código |
253/66 |
| 040 ## - FUENTE DE LA CATALOGACIÓN |
| Centro catalogador de origen |
CDMR |
| Lengua de catalogación |
cat |
| Centro transcriptor |
CDMR |
| 100 1# - PUNTO DE ACCESO PRINCIPAL-NOMBRE DE PERSONA |
| Nombre de persona |
Rodríguez Lebrato, Jaime |
| 9 (RLIN) |
2150 |
| 245 10 - MENCIÓN DE TÍTULO |
| Título |
Periodismo de trinchera |
| Mención de responsabilidad, etc. |
Jaime R. Lebrato |
| 260 ## - PUBLICACIÓN, DISTRIBUCIÓN, ETC. (PIE DE IMPRENTA) |
| Lugar de publicación, distribución, etc. |
León |
| Fecha de publicación, distribución, etc. |
1996 |
| Nombre del editor, distribuidor, etc. |
Everest |
| 300 ## - DESCRIPCIÓN FÍSICA |
| Extensión |
191 p. |
| 490 ## - MENCIÓN DE SERIE |
| Mención de serie |
Biblioteca Cuestiones Actuales |
| Designación de volumen o secuencia |
3 |
| 600 1# - PUNTO DE ACCESO ADICIONAL DE MATERIA - NOMBRE DE PERSONA |
| 9 (RLIN) |
2150 |
| Nombre de persona |
Rodríguez Lebrato, Jaime |
| Subdivisión de materia general (R ) |
Recull d'escrits |
| 942 ## - ENTRADA DE ELEMENTOS AGREGADOS (KOHA) |
| Koha [por defecto] tipo de item |
Monografies |
| Fuente de clasificaión o esquema |
|